Linear algebra] / (Record no. 8551)
[ view plain ]
| 000 -LEADER | |
|---|---|
| fixed length control field | 00611nam a2200169 a 4500 |
| 100 1# - MAIN ENTRY--AUTHOR NAME | |
| Personal name | Lax. |
| 245 10 - TITLE STATEMENT | |
| Title | Linear algebra] / |
| 260 ## - PUBLICATION, DISTRIBUTION, ETC. (IMPRINT) | |
| Place of publication | [S.l.] : |
| Name of publisher | WileyInterscience, Hardcover(2007), |
| Year of publication | 2007. |
| 300 ## - PHYSICAL DESCRIPTION | |
| Number of Pages | 1 v. (unpaged) |
| 490 1# - SERIES STATEMENT | |
| Series statement | 2nd, 08) by lax, peter D [hardcover (2007. |
| 520 ## - SUMMARY, ETC. | |
| Summary, etc | Linear Algebra (2nd, 08) by Lax, Peter D [Hardcover (2007)] |
| 856 40 - ELECTRONIC LOCATION AND ACCESS | |
| Uniform Resource Identifier | http://www.amazon.com/exec/obidos/ASIN/B008CMK260/chopaconline-20 |
| Withdrawn status | Lost status | Home library | Current library | Date acquired | Full call number | Accession Number | Koha item type |
|---|---|---|---|---|---|---|---|
| Central Library, QUEST, Nawabshah | Central Library, QUEST, Nawabshah | 05/08/2014 | 512.5LAX | 33277 | Books | ||
| Central Library, QUEST, Nawabshah | Central Library, QUEST, Nawabshah | 05/08/2014 | 512.5LAX | 33278 | Books | ||
| Library for Girls | Library for Girls | 05/08/2014 | 512.5LAX | 33276 | Books |